Vlastivědná knížka pro vzpomínání a procvičování paměti

Bibliographic Details
Main Authors: Cingrošová, Klára (Author), Dvořáková, Klára (Author, Illustrator)
Format: Book
Language:Czech
PhysicalDescription:189 s. ilustr., mp. 21 cm
Published: Praha Portál 2016
ISBN:9788026211259
Edition:Vydání první
Subjects:

MARC

LEADER 00000cam a2200000 a 4500
001 vtls011599709
003 SK-MaSNL
005 20260425223611.0
008 240313s2016 xr ab g fn 000 0 cze
015 |a SNBZSA2017/03 
020 |a 9788026211259  |q (brožované) 
035 |a urn:nbn:sk:snk-am00da21 
035 |a urn:nbn:sk:snk-am3hv3c 
035 |a DF4FA7EF-8486-4404-BED4-0E04F7FC752C 
040 |a SNK  |b slo  |c SNK  |e AACR2 
041 0 |a cze 
043 |a e-xo---  |a e-xr--- 
044 |a xr  |c CZ 
072 7 |a 615.8  |x Fyzioterapia. Psychoterapia. Alternatívna medicína  |2 konspekt 
072 7 |a 159.95  |x Vyššie duševné procesy  |2 konspekt 
080 |a 159.953  |2 2011 
080 |a 316.346.32-053.9  |2 2011 
080 |a (035)  |2 2011 
080 |a (076.5)  |2 2011 
100 1 |a Cingrošová, Klára  |4 aut  |9 344979 
245 1 0 |a Vlastivědná knížka pro vzpomínání a procvičování paměti  |c Klára Cingrošová, Klára Dvořáková ; [ilustrace Klára Dvořáková] 
250 |a Vydání první 
260 |a Praha  |b Portál  |c 2016 
300 |a 189 s.  |b ilustr., mp.  |c 21 cm 
504 |a Bibliografia: s. 186-187 
650 0 7 |a reminiscenčná terapia  |2 SNKPH  |9 132298 
650 0 7 |a tréning pamäti  |2 SNKPH  |9 69500 
650 0 7 |a seniori  |2 SNKPH  |9 117453 
650 0 7 |a Reminiscence therapy  |2 SNKPHeng  |9 324538 
650 0 7 |a Memory training  |2 SNKPHeng  |9 315188 
650 0 7 |a Older people  |2 SNKPHeng  |9 275779 
650 0 7 |a Regional geography  |2 SNKPHeng  |9 267552 
650 0 7 |a regionálna geografia  |2 SNKPH  |9 822 
651 7 |a Česko  |2 SNKPH  |9 16753 
651 7 |a Slovensko  |2 SNKPH  |9 14231 
651 7 |a Czechia  |2 SNKPH  |9 170107 
651 7 |a Slovakia  |2 SNKPH  |9 92630 
655 7 |a príručky  |2 SNKPH  |9 74364 
655 7 |a Handbooks, manuals, etc.  |2 SNKPHeng  |9 90964 
655 7 |a praktické cvičenia  |2 SNKPH  |9 70517 
655 7 |a Problems, exercises, etc.  |2 SNKPHeng  |9 278342 
700 1 |a Dvořáková, Klára  |4 aut  |4 ill  |9 344980 
919 |a 978-80-262-1125-9 
958 |a NB 
999 |c 590338  |d 592268 
952 |a SNK  |b SNK  |y PREZ  |7 0  |p 17A1256061  |o snkSC 173752  |i snk2017/6946  |8 4  |g 10.12  |0 0  |1 0  |4 0  |d 2017-03-09  |f 1  |l 0  |r 2025-09-11 00:00:00  |w 2026-02-23 
952 |a SNK  |b SNK  |y VYP  |7 0  |p 17A1260141  |o snkSC 173752 D1  |i snk2017/13428  |8 2  |g 11.17  |0 0  |1 0  |4 0  |d 2017-05-10  |l 0  |r 2026-02-23 15:22:17  |w 2026-02-23